Normal view
MARC view
- GAME PROGRAMMING.GAME GRAPHICS PROGRAMMING.GAME GRAPHICS.2D AND 3D GRAPHICS
Entry Topical Term
001 - CONTROL NUMBER
- control field: 68686
003 - CONTROL NUMBER IDENTIFIER
- control field: NUST
005 - DATE AND TIME OF LATEST TRANSACTION
- control field: 20210628204105.0
008 - FIXED-LENGTH DATA ELEMENTS
- fixed length control field: 210628|| aca||aabn | a|a d
040 ## - CATALOGING SOURCE
- Original cataloging agency: NUST
- Transcribing agency: NUST
150 ## - HEADING--TOPICAL TERM
- Topical term or geographic name entry element: GAME PROGRAMMING.GAME GRAPHICS PROGRAMMING.GAME GRAPHICS.2D AND 3D GRAPHICS
670 ## - SOURCE DATA FOUND
- Source citation: Work cat.: (NUST): Sherrod, Allen 68685, Game graphics programming, 2008
